00504nam a2200181 a 4500001001300000003000900013005001700022008004100039020002300080082001700103100001800120245005200138260004300190300000900233500003500242650002700277700001800304nice12345678IN_TiNIC20260116014029.0070416s2005 lona grp 000 0 eng  a0415267080 c30000a792.013bBOA aBoal, Augusto aGames for Actors and Non-Actorsbsecond Edition aLondon bRoutledge Chapman Hall c2005 a301p aincludes index and biblioraphy aTheatres-Social Issues1 aBoal, Augusto